<?xml version="1.0" encoding="UTF-8"?>
<record
    xmlns:xsi="http://www.w3.org/2001/XMLSchema-instance"
    xsi:schemaLocation="http://www.loc.gov/MARC21/slim http://www.loc.gov/standards/marcxml/schema/MARC21slim.xsd"
    xmlns="http://www.loc.gov/MARC21/slim">

  <leader>02615nam a2200325 a 4500</leader>
  <controlfield tag="003">DO-SdBNP</controlfield>
  <controlfield tag="005">20240517083956.0</controlfield>
  <controlfield tag="007">ta</controlfield>
  <controlfield tag="008">221118e2012    dr ao||gr|||| 001 0dspa d</controlfield>
  <datafield tag="020" ind1=" " ind2=" ">
    <subfield code="a">9789945882049</subfield>
  </datafield>
  <datafield tag="040" ind1=" " ind2=" ">
    <subfield code="a">DO-SdBNP</subfield>
    <subfield code="b">spa</subfield>
    <subfield code="c">BNPHU</subfield>
  </datafield>
  <datafield tag="082" ind1=" " ind2="4">
    <subfield code="2">22</subfield>
    <subfield code="b">V427c</subfield>
  </datafield>
  <datafield tag="111" ind1=" " ind2=" ">
    <subfield code="a">Concurso de Arte Eduardo Le&#xF3;n Jim&#xE9;nez</subfield>
    <subfield code="n">(XXIV:</subfield>
    <subfield code="d">2012:</subfield>
    <subfield code="c">Sanitago de los Caballeros, Rep&#xFA;blica Dominicana.)</subfield>
    <subfield code="9">85493</subfield>
  </datafield>
  <datafield tag="245" ind1="0" ind2="0">
    <subfield code="a">Veinticuatro:</subfield>
    <subfield code="b">concurso de arte Eduardo Le&#xF3;n Jim&#xE9;nez. </subfield>
  </datafield>
  <datafield tag="264" ind1=" " ind2="1">
    <subfield code="a">Sanitago de los Caballeros, Rep&#xFA;blica Dominicana :</subfield>
    <subfield code="b">Centro Le&#xF3;n,</subfield>
    <subfield code="c">2012.</subfield>
  </datafield>
  <datafield tag="300" ind1=" " ind2=" ">
    <subfield code="a">135 p&#xE1;ginas :</subfield>
    <subfield code="b">ilustraciones, fotograf&#xED;as ;</subfield>
    <subfield code="c">30 cm.</subfield>
  </datafield>
  <datafield tag="336" ind1=" " ind2=" ">
    <subfield code="2">rdacontent</subfield>
    <subfield code="a">texto</subfield>
    <subfield code="b">txt</subfield>
  </datafield>
  <datafield tag="337" ind1=" " ind2=" ">
    <subfield code="2">rdamedia</subfield>
    <subfield code="a">sin mediaci&#xF3;n</subfield>
    <subfield code="b">n</subfield>
  </datafield>
  <datafield tag="338" ind1=" " ind2=" ">
    <subfield code="2">rdacarrier</subfield>
    <subfield code="a">volumen</subfield>
    <subfield code="b">nc</subfield>
  </datafield>
  <datafield tag="500" ind1=" " ind2=" ">
    <subfield code="a">Incluye Cat&#xE1;logo de Obras p&#xE1;ginas 130 -133.</subfield>
  </datafield>
  <datafield tag="500" ind1=" " ind2=" ">
    <subfield code="a">Incluye biograf&#xED;a del jurado p&#xE1;ginas 36 -37.</subfield>
  </datafield>
  <datafield tag="505" ind1=" " ind2=" ">
    <subfield code="t">La innovaci&#xF3;n como principio. / </subfield>
    <subfield code="r">Rafael Emilio Yun&#xE9;n, Director General Centro Le&#xF3;n.--
         </subfield>
    <subfield code="t">Cuando la Constancia y el profesionalismo se dan las manos. / </subfield>
    <subfield code="r">Jos&#xE9; M. Fern&#xE1;ndez Peque&#xF1;o, Gerente de Programas Culturales Centro Le&#xF3;n.--
        </subfield>
    <subfield code="t">Las potencialidades del arte dominicano contempor&#xE1;neo. / </subfield>
    <subfield code="r">Karenia Guillar&#xF3;n, Coordinadora de Artes Visuales Centro Le&#xF3;n.  Sara Hermann, Asesora de Artes Visuales Centro Le&#xF3;n.--
        </subfield>
    <subfield code="t"> Opiniones sobre la exposici&#xF3;n.--
       </subfield>
    <subfield code="g">Jurados: </subfield>
    <subfield code="t">XXIV Concurso de Arte Eduardo Le&#xF3;n Jim&#xE9;nez.--
        </subfield>
    <subfield code="g">Laudo de selecci&#xF3;n: </subfield>
    <subfield code="t">XXIV Concurso de Arte Eduardo Le&#xF3;n Jim&#xE9;nez.--
        </subfield>
    <subfield code="g"> Artistas seleccionados y Obras:</subfield>
    <subfield code="t"> Soraya Abu Naba&#xB4;a,.--</subfield>
    <subfield code="t">Yoel Bordas.--</subfield>
    <subfield code="t">Carlos de Le&#xF3;n.--</subfield>
    <subfield code="t">OPilibio D&#xED;az.--</subfield>
    <subfield code="t">Evelyn Espaillat.--</subfield>
    <subfield code="t">Marie Jim&#xE9;nez.--</subfield>
    <subfield code="t">Hulda Guzm&#xE1;n.--</subfield>
    <subfield code="t">Sayuri Guzm&#xE1;n.--</subfield>
    <subfield code="t">Citally Miranda.--</subfield>
    <subfield code="t">Jochi Mu&#xF1;oz.--</subfield>
    <subfield code="t">Raquel Paiewonsky.--</subfield>
    <subfield code="t">David P&#xE9;rez, Karmadavis.--</subfield>
    <subfield code="t">Jos&#xE9; Pi&#xF3;n.--</subfield>
    <subfield code="t">Francisco (Pancho) Rodr&#xED;guez.--</subfield>
    <subfield code="t">Juan Zapata.--</subfield>
    <subfield code="g">Laudo de Premiaci&#xF3;n:</subfield>
    <subfield code="t">XXIV Concurso de Arte Eduardo Le&#xF3;n Jim&#xE9;nez.--</subfield>
    <subfield code="t">Cat&#xE1;logo de Obras. </subfield>
  </datafield>
  <datafield tag="586" ind1=" " ind2=" ">
    <subfield code="a">PREMIO IGUALITARIO A: Hulda Guzm&#xE1;n (1984).-- Carlos de Le&#xF3;n, (1988).-- Raquel Paiewonski (1969).--
PREMIO COLECCI&#xD3;N PATRICIA PHELPS DE CISNEROS: Yoel Bardas, (1980).-- 
PREMIO FRANC&#xC9;S AL TALENTO JOVEN: Francisco (Pancho) Rodr&#xED;guez, (1979).--
PREMIO CIUDAD DE C&#xC1;DIZ: Sayuri Guam&#xE1;n, (1976).



</subfield>
  </datafield>
  <datafield tag="590" ind1=" " ind2=" ">
    <subfield code="a">Inventariado 2024 / MF</subfield>
  </datafield>
  <datafield tag="650" ind1=" " ind2="4">
    <subfield code="9">81690</subfield>
    <subfield code="a">Arte</subfield>
    <subfield code="v">Concursos</subfield>
    <subfield code="z">Rep&#xFA;blica Dominicana</subfield>
  </datafield>
  <datafield tag="650" ind1=" " ind2="4">
    <subfield code="9">73687</subfield>
    <subfield code="a">Pintura</subfield>
    <subfield code="x">Concursos</subfield>
    <subfield code="z">Rep&#xFA;blica Dominicana</subfield>
  </datafield>
  <datafield tag="650" ind1=" " ind2=" ">
    <subfield code="9">76641</subfield>
    <subfield code="a">Artistas pl&#xE1;sticos </subfield>
    <subfield code="z">Rep&#xFA;blica Dominicana</subfield>
  </datafield>
  <datafield tag="710" ind1="2" ind2=" ">
    <subfield code="a">Cervecer&#xED;a Nacional Dominicana.</subfield>
    <subfield code="9">82852</subfield>
  </datafield>
  <datafield tag="942" ind1=" " ind2=" ">
    <subfield code="2">ddc</subfield>
    <subfield code="c">LBS1</subfield>
  </datafield>
  <datafield tag="952" ind1=" " ind2=" ">
    <subfield code="0">0</subfield>
    <subfield code="1">0</subfield>
    <subfield code="2">ddc</subfield>
    <subfield code="5">1</subfield>
    <subfield code="7">0</subfield>
    <subfield code="8">PD</subfield>
    <subfield code="a">BNPHU</subfield>
    <subfield code="b">BNPHU</subfield>
    <subfield code="c">CT</subfield>
    <subfield code="d">2022-12-16</subfield>
    <subfield code="e">Dep&#xF3;sito legal / Centro Le&#xF3;n</subfield>
    <subfield code="l">0</subfield>
    <subfield code="o">V427c</subfield>
    <subfield code="p">2022-5502</subfield>
    <subfield code="r">2022-11-18</subfield>
    <subfield code="w">2022-11-18</subfield>
    <subfield code="y">LBS1</subfield>
  </datafield>
  <datafield tag="952" ind1=" " ind2=" ">
    <subfield code="0">0</subfield>
    <subfield code="1">0</subfield>
    <subfield code="2">ddc</subfield>
    <subfield code="5">1</subfield>
    <subfield code="7">0</subfield>
    <subfield code="8">PD</subfield>
    <subfield code="a">BNPHU</subfield>
    <subfield code="b">BNPHU</subfield>
    <subfield code="c">CT</subfield>
    <subfield code="d">2022-12-16</subfield>
    <subfield code="e">Dep&#xF3;sito legal / Centro Le&#xF3;n</subfield>
    <subfield code="l">0</subfield>
    <subfield code="o">V427c</subfield>
    <subfield code="p">2022-5503</subfield>
    <subfield code="r">2022-11-18</subfield>
    <subfield code="t">e.2</subfield>
    <subfield code="w">2022-11-18</subfield>
    <subfield code="y">LBS1</subfield>
  </datafield>
  <datafield tag="952" ind1=" " ind2=" ">
    <subfield code="0">0</subfield>
    <subfield code="1">0</subfield>
    <subfield code="2">ddc</subfield>
    <subfield code="5">6</subfield>
    <subfield code="7">0</subfield>
    <subfield code="8">DS</subfield>
    <subfield code="a">BNPHU</subfield>
    <subfield code="b">BNPHU</subfield>
    <subfield code="c">CT</subfield>
    <subfield code="d">2022-12-16</subfield>
    <subfield code="e">Dep&#xF3;sito legal / Centro Le&#xF3;n</subfield>
    <subfield code="l">0</subfield>
    <subfield code="o">V427c</subfield>
    <subfield code="p">2022-5504</subfield>
    <subfield code="r">2022-11-18</subfield>
    <subfield code="t">e.3</subfield>
    <subfield code="w">2022-11-18</subfield>
    <subfield code="y">LBS1</subfield>
  </datafield>
  <datafield tag="999" ind1=" " ind2=" ">
    <subfield code="c">52971</subfield>
    <subfield code="d">52971</subfield>
  </datafield>
</record>
